000 00560nam a2200181Ia 4500
008 100917s9999 xx 000 0 und d
082 _b50567
100 _aसरदेसाई लक्ष्मणराव
245 _aगोव्यातील माणसे
260 _bकॉन्टिनेंटल प्रकाशन
_c1981
300 _a95
365 _b0
520 _a---
630 _aगोव्यातील माणसे
650 _a---
730 _aगोव्यातील माणसे
942 _cBOOK
999 _c655961
_d655958